DATA MINING WITH RATTLE AND R THE ART OF (Record no. 24424)

MARC details
000 -LEADER
fixed length control field 00325nam a2200133Ia 4500
008 - FIXED-LENGTH DATA ELEMENTS--GENERAL INFORMATION
fixed length control field 240624s9999 xx 000 0 und d
041 ## - LANGUAGE CODE
Language code of text/sound track or separate title eng
082 ## - DEWEY DECIMAL CLASSIFICATION NUMBER
Classification number 006.312 WIL
100 ## - MAIN ENTRY--PERSONAL NAME
Personal name WILLIAMS GRAHAM
245 ## - TITLE STATEMENT
Title DATA MINING WITH RATTLE AND R THE ART OF
260 ## - PUBLICATION, DISTRIBUTION, ETC.
Date of publication, distribution, etc. 2011
Name of publisher, distributor, etc. Springer
300 ## - PHYSICAL DESCRIPTION
Extent 374 : p.
365 ## - TRADE PRICE
Currency code ERU
Price amount 30
Holdings
Withdrawn status Lost status Damaged status Not for loan Home library Current library Shelving location Date acquired Source of acquisition Cost, normal purchase price Total Checkouts Full call number Barcode Date last seen Date last checked out Copy number Price effective from Koha item type
        IMTN IMTN Rack 3-B 08/24/2015 VBC 54.95 1 006.312 WIL 24424 10/13/2024 10/01/2024 74.2 06/24/2024 Books
Designed & Maintained by: LRC IMT Nagpur Contact: lrc@imtnag.ac.in© 2024. All Rights Reserved.